Harry Potter Characters in Chapter Titles Quiz Stats

 Plays Quiz Updated Nov 21, 2016

Challenge
Share
Tweet
Embed
Score 0/82 Timer 07:00
7 Plays Today
Book Chapter Title % Correct
...the Philosopher's StoneThe Boy Who Lived
98.9%
...the Deathly HallowsThe Seven Potters
98.4%
...the Order of the PhoenixThe Order of the Phoenix
97.7%
...the Goblet of FireThe Four Champions
97.7%
...the Prisoner of AzkabanMoony, Wormtail, Padfoot, and Prongs
95.2%
...the Order of the PhoenixPercy and Padfoot
94.8%
...the Chamber of SecretsThe Heir of Slytherin
93.9%
...the Prisoner of AzkabanThe Servant of Lord Voldemort
93.8%
...the Order of the PhoenixThe Only One He Ever Feared
93.5%
...the Deathly HallowsThe Dark Lord Ascending
93.5%
...the Deathly HallowsThe Life and Lies of Albus Dumbledore
93.5%
...the Deathly HallowsThe Will of Albus Dumbledore
93.5%
...the Prisoner of AzkabanCat, Rat and Dog
93.4%
...the Half-Blood PrinceThe Secret Riddle
93.4%
...the Order of the PhoenixDumbledore's Army
93.4%
...the Half-Blood PrinceLord Voldemort's Request
93.4%
...the Philosopher's StoneThe Potions Master
93.2%
...the Half-Blood PrinceThe Half-Blood Prince
93%
...the Deathly HallowsThe Prince's Tale
92.8%
...the Deathly HallowsThe Sacking of Severus Snape
92.7%
...the Half-Blood PrinceFlight of the Prince
92.7%
...the Order of the PhoenixSnape's Worst Memory
92.7%
...the Half-Blood PrinceSnape Victorious
92.7%
...the Prisoner of AzkabanSnape's Grudge
92.6%
...the Prisoner of AzkabanHermione's Secret
91.7%
...the Half-Blood PrinceHermione's Helping Hand
91.7%
...the Goblet of FirePadfoot Returns
91.5%
...the Philosopher's StoneThe Keeper of the Keys
90.2%
Book Chapter Title % Correct
...the Goblet of FireThe Riddle House
90.1%
...the Order of the PhoenixThe Advance Guard
89.8%
...the Order of the PhoenixThe Most Noble and Ancient House of Black
89.2%
...the Order of the PhoenixHagrid's Tale
89%
...the Deathly HallowsMalfoy Manor
87.8%
...the Half-Blood PrinceDraco's Detour
87.5%
...the Goblet of FireThe Death Eaters
87.3%
...the Goblet of FireWeasley's Wizard Wheezes
86.8%
...the Order of the PhoenixThe Woes of Mrs. Weasley
84%
...the Half-Blood PrinceElf Tails
79.2%
...the Chamber of SecretsDobby's Warning
78.6%
...the Chamber of SecretsDobby's Reward
78.6%
...the Deathly HallowsThe Dursleys Departing
77.9%
...the Goblet of FireMad-Eye Moody
77.6%
...the Deathly HallowsFallen Warrior
77.3%
...the Order of the PhoenixDudley Demented
76.8%
...the Order of the PhoenixProfessor Umbridge
75.4%
...the Order of the PhoenixDetention with Dolores
75.4%
...the Order of the PhoenixThe Hogwarts High Inquisitor
75.2%
...the Philosopher's StoneThe Man with Two Faces
74.5%
...the Half-Blood PrinceThe Other Minister
72.1%
...the Order of the PhoenixLuna Lovegood
69.2%
...the Chamber of SecretsGilderoy Lockhart
68.9%
...the Chamber of SecretsCornelius Fudge
68.4%
...the Goblet of FireBagman and Crouch
66.2%
...the Half-Blood PrinceAn Excess of Phlegm
66.1%
...the Prisoner of AzkabanAunt Marge's Big Mistake
65.6%
...the Goblet of FireThe Madness of Mr. Crouch
64.1%
Book Chapter Title % Correct
...the Half-Blood PrinceHorace Slughorn
59.4%
...the Deathly HallowsKreacher's Tale
58.6%
...the Half-Blood PrinceThe Slug Club
58.3%
...the Half-Blood PrinceA Sluggish Memory
58.3%
...the Deathly HallowsXenophilius Lovegood
54.1%
...the Prisoner of AzkabanProfessor Trelawney's Prediction
52.6%
...the Half-Blood PrinceThe Seer Overheard
52.5%
...the Prisoner of AzkabanGryffindor versus Ravenclaw
50.3%
...the Order of the PhoenixThe Lion and the Serpent
49.6%
...the Order of the PhoenixThe Beetle at Bay
49.5%
...the Goblet of FireRita Skeeter's Scoop
49.5%
...the Deathly HallowsGodric's Hollow
47.4%
...the Chamber of SecretsAragog
46.4%
...the Philosopher's StoneNorbert the Norwegian Ridgeback
44.7%
...the Deathly HallowsThe Wandmaker
43.3%
...the Philosopher's StoneNicolas Flamel
43%
...the Deathly HallowsBathilda's Secret
41.3%
...the Half-Blood PrinceThe House of Gaunt
40.9%
...the Order of the PhoenixThe Centaur and the Sneak
40.4%
...the Order of the PhoenixThe Eye of the Snake
39.9%
...the Deathly HallowsThe Goblin's Revenge
39.2%
...the Order of the PhoenixGrawp
38.3%
...the Deathly HallowsThe Thief
30.9%
...the Half-Blood PrinceThe Phoenix Lament
30.2%
...the Prisoner of AzkabanFlight of the Fat Lady
27%
...the Deathly HallowsThe Tale of the Three Brothers
26.8%

You're not logged in!

Compare scores with friends on all Sporcle quizzes.
Join for Free
OR
Log In

You Might Also Like...

Show Comments

Extras

Top Quizzes Today


Score Distribution

Your Account Isn't Verified!

In order to create a playlist on Sporcle, you need to verify the email address you used during registration. Go to your Sporcle Settings to finish the process.

Report this User

Report this user for behavior that violates our Community Guidelines.

Details: